| 000 | 00375 a2200133 4500 | ||
|---|---|---|---|
| 001 | 92261 | ||
| 082 | _aPR 2505 | ||
| 090 |
_c44204 _d44203 |
||
| 100 | _aSaad Raza; Prof Irteza Ali Khan and Salman Aslam (Advisors) | ||
| 245 |
_aMotion Detection in Night-Time Video (Phase-I) _n77 "B" EC |
||
| 260 |
_aIslamabad _bNUST _c2014 |
||
| 300 | _a42p. | ||
| 500 | _aBE Project Reports | ||
| 942 |
_aCAE NUST _kPR 2505 |
||
| 999 |
_c327334 _d327334 |
||